000 01302nam a22003377a 4500
999 _c46248
_d46248
001 19891
003 CO-MdFUSB
005 20190202100412.0
008 180427s1949 enk||||| |||| 00| 0 eng d
040 _aCO-MdFUSB
_bspa
_cCO-MdFUSB
_dCO-MdFUSBC
_erda
041 0 _aeng
082 0 4 _aG 228.06 F2458r
100 1 _aFarrer, Austin
_eautor
245 1 2 _aA rebirth of images
_b : The making of St John's apocalypse
_c / Austin Farrer
264 4 _aWestminster, England :
_bDacre Press,
_c©1949
300 _a348 pág.
336 _2rdacontent
_atexto
_btxt
337 _2rdamedia
_asin mediación
_bn
338 _2rdacarrier
_avolumen
_bnc
501 _aPasta dura
505 0 0 _aEl lugar de Apocalipsis en el Nuevo Testamento -- La pauta de siete veces -- El calendario de fiestas -- El diagrama sagrado -- Los números simbólicos -- El nombre de Dios -- El reino de las tinieblas -- Conclusiones -- El texto de Apocalipsis
650 0 _aBiblia
_916
650 7 _aCrítica textual
_2
_9482
650 7 _aHermenéutica
_9418
653 _aBible-Revelation-Criticism. interpretation, etc
653 _aBible -- Revelation
653 _aBiblia- Apocalipsis- Crítica, interpretación, etc
653 _aBiblia-Apocalipsis
653 _a Biblia - Nuevo Testamento - Apocalipsis
942 _cBK